| 000 | 01165cab a2200205 4500 | ||
|---|---|---|---|
| 001 | WB4044-06 | ||
| 008 | 041117n2004 000 0 eng u | ||
| 035 | _a(Sirsi) u128007 | ||
| 245 | _aRise in consumer prices index | ||
| 260 | _c2004 | ||
| 490 |
_aNational Statistics Press Release _v16 November 2004 (20) |
||
| 520 | _a"Consumer price indices: October 2004" has been released by the Office for National Statistics. It shows that in the year to October 2004, the Consumer Prices Index (CPI) rose by 1.2% - up from 1.1% in September. The all items Retail Prices Index (RPI) rose by 3.3% - up from 3.1%. The largest upward impact on the CPI inflation rate came from petrol. Further upward effects came from package holidays and food. Similar factors led to an increase in the RPI inflation rate - up to 3.3% in October 2004, an increase from 3.1% the previous month. Full details and the release can be found on the website. http://www.statistics.gov.uk/cci/nugget.asp?id=19 | ||
| 590 | _aWB | ||
| 650 | _aINFLATION | ||
| 650 | _aECONOMICS | ||
| 650 | _aCONSUMER PRICES INDEX | ||
| 650 | _aRETAIL PRICE INDEX | ||
| 690 | _aECONOMIC ISSUES | ||
| 942 | _n0 | ||
| 999 |
_c74602 _d74602 |
||